00362pab a2200133 454500008004000000100001800040245006700058260000900125300001400134362001200148650002800160650002000188773002000208180718b2001 xxu||||| |||| 00| 0 eng d aRanga, Sudhir aProblems towards health and family welfare programmes in India c2001 ap.92-102. aJan-Mar aHealth services - India aHealth services aIASSI Quarterly